00348nam a2200145Ia 450000500170000000800460001703700290006304000200009204100130011208400210012510000160014624500220016226000090018430000090019320250508151702.0008 250505s9999 xx 000 0 eng d aBooks to be hide in OPAC aFEDLbengcFEDL aeng2eng a428.6, FORqFEDL aChesler B M 0aFor fairy stories c1955 a47p.